<?xml version='1.0' encoding='UTF-8'?>
  <record xmlns="http://www.loc.gov/MARC21/slim">
    <leader>00000nam a22000007i 4500</leader>
    <controlfield tag="001">ocn974131363</controlfield>
    <controlfield tag="003">OCoLC</controlfield>
    <controlfield tag="005">20250426195723.5</controlfield>
    <controlfield tag="008">991018s1667    ne            000 0 dut d</controlfield>
    <datafield tag="040" ind1=" " ind2=" ">
      <subfield code="a">QGJ</subfield>
      <subfield code="b">dut</subfield>
      <subfield code="c">QGJ</subfield>
    </datafield>
    <datafield tag="035" ind1=" " ind2=" ">
      <subfield code="a">(OCoLC)974131363</subfield>
    </datafield>
    <datafield tag="245" ind1="0" ind2="0">
      <subfield code="a">Costumen, usantien, policien ende stijl van procederen der stadt, jurisdictie ende vryheydt van Utrecht :</subfield>
      <subfield code="b">geapprobeert ende gedecreteert by die Keyserl. Majesteyt als erf-heere der stadt, steden ende landen van Utrecht, inden jare ons Heeren Jesu Christi M.CCCCC.L /</subfield>
      <subfield code="c">noch hier achter gevoecht d'Ordonnantie op d'executien ende gijselen voor den Gerechte van Utrecht ..., item noch het Placcaet ende ordonnantie ... beroerende de lossinge van renten ..., met de Ordonnantie vanden houwelijcken-staet, en 't Placcaet van successie van susters en broeders kinderen ; met een tafel om alle de rubrijcken en artijckelen lichtelijck te vinden.</subfield>
    </datafield>
    <datafield tag="246" ind1="1" ind2=" ">
      <subfield code="a">Provisioneel ordonnantie opte executien ende gijselinghen voor den Gerechte van Utrecht</subfield>
    </datafield>
    <datafield tag="246" ind1="1" ind2=" ">
      <subfield code="a">Placcaet ende ordonnantie van mijne Heeren die Staten vanden Landen van Utrecht, beroerende de lossinge van rhenten ...</subfield>
    </datafield>
    <datafield tag="264" ind1=" " ind2="1">
      <subfield code="a">Tot Utrecht :</subfield>
      <subfield code="b">gedruckt by Amelis van Paddenburgh,</subfield>
      <subfield code="c">1667.</subfield>
    </datafield>
    <datafield tag="300" ind1=" " ind2=" ">
      <subfield code="a">-- p. ;</subfield>
      <subfield code="c">19 cm</subfield>
    </datafield>
    <datafield tag="336" ind1=" " ind2=" ">
      <subfield code="a">tekst</subfield>
      <subfield code="b">txt</subfield>
      <subfield code="2">rdacontent/dut</subfield>
    </datafield>
    <datafield tag="337" ind1=" " ind2=" ">
      <subfield code="a">zonder medium</subfield>
      <subfield code="b">n</subfield>
      <subfield code="2">rdamedia/dut</subfield>
    </datafield>
    <datafield tag="338" ind1=" " ind2=" ">
      <subfield code="a">band</subfield>
      <subfield code="b">nc</subfield>
      <subfield code="2">rdacarrier/dut</subfield>
    </datafield>
    <datafield tag="340" ind1=" " ind2=" ">
      <subfield code="m">4-o.</subfield>
    </datafield>
    <datafield tag="500" ind1=" " ind2=" ">
      <subfield code="a">Ordonnantie op d'executien ende gijselen ..., o.d.t.: Provisioneel ordonnantie opte executien ende gijselinghen voor den Gerechte van Utrecht; Placcaet ende ordonnantie ... beroerende de lossinge van renten ..., o.d.t.: Placcaet ende ordonnantie van mijne Heeren die Staten vanden Landen van Utrecht, beroerende de lossinge van rhenten ...</subfield>
    </datafield>
    <datafield tag="500" ind1=" " ind2=" ">
      <subfield code="a">Ordonnantie vanden houwelijcken-staet, en: Placaet van successie ... ontbreken; zie echter: Ordonnantie vande Heeren Staten van den Lande van Utrecht, waer na die gene die hem voortsaen inden echten state sullen willen begeven ... Utrecht, Van Paddenburgh, 1667.</subfield>
    </datafield>
    <datafield tag="562" ind1=" " ind2=" ">
      <subfield code="a">Binding note: L qu 377 dl 29.</subfield>
      <subfield code="5">NL-UtRU</subfield>
    </datafield>
    <datafield tag="510" ind1="0" ind2=" ">
      <subfield code="a">Van Someren 785</subfield>
    </datafield>
    <datafield tag="500" ind1=" " ind2=" ">
      <subfield code="a">Imprint: Tot Utrecht, gedruckt by Amelis van Paddenburgh, ordinaris drucker der Ed. Mog. Heeren Staten 's Landts van Utrecht, anno 1667.</subfield>
    </datafield>
    <datafield tag="500" ind1=" " ind2=" ">
      <subfield code="a">Collational formula: A-M:4.</subfield>
    </datafield>
    <datafield tag="530" ind1=" " ind2=" ">
      <subfield code="a">Also available in online version.</subfield>
    </datafield>
    <datafield tag="776" ind1="0" ind2="8">
      <subfield code="i">Online version:</subfield>
      <subfield code="t">Costumen, usantien, policien ende stijl van procederen der stadt, jurisdictie ende vryheydt van Utrecht :</subfield>
      <subfield code="d">Tot Utrecht : gedruckt by Amelis van Paddenburgh, 1667.</subfield>
    </datafield>
    <datafield tag="856" ind1="4" ind2="1">
      <subfield code="u">http://objects.library.uu.nl/reader/resolver.php?obj=000887993&amp;type=2</subfield>
      <subfield code="x">Online</subfield>
      <subfield code="z">Full Text</subfield>
    </datafield>
    <datafield tag="936" ind1=" " ind2=" ">
      <subfield code="a">BATCHLOAD</subfield>
    </datafield>
  </record>